Where Did My Portugal Go? - Statistics

General Stats
  • This quiz has been taken 540 times
  • The average score is 8 of 10
Answers on the Map
Answers color-coded by a green-red scale on the quiz's map according to % correct below.
 
Answer Stats
Hint Geographic Feature % Correct
Other Jutland Peninsula
93%
Country Guyana
89%
Country Togo
89%
Country Nepal
88%
Other South Island
81%
Other Crete
78%
Other Java
75%
Other Luzon
62%
Other Kamchatka
60%
Other Baja Peninsula
56%
No matching quizzes found
Score Distribution
Percent of People with Each Score
Percentile by Number Answered
Your Score History
You have not taken this quiz